000 01352cam a22003973a 4500
001 13316809
003 OSt
005 20140310181945.0
008 990319s1999 nyu j 000 1 eng d
010 _a 2003586960
020 _a0590685201
035 _a(OCoLC)ocm40998132
040 _aJBL
_cJBL
_dSLC
_dOCL
_dLPL
_dOCL
_dDLC
042 _alccopycat
050 0 0 _aPZ 7
_b.St859m16 1999
082 _aKF
_bSt5gs #16
100 1 _aStine, R. L.
_93762
245 1 4 _aThe mummy walks /
_cR.L. Stine.
260 _aNew York :
_bScholastic,
_c1999.
300 _a119 p. ;
_c19 cm.
490 1 _aGoosebumps series 2000 ;
_v# 16
500 _a"An Apple paperback."
500 _a"A Parachute Press book"--T.p. verso.
520 _aThe people of Jezekiah want their mummy back but Michael Clarke just wants his mummy--and daddy.
541 _j1
562 _efor circulation. 1 copy in the collection
650 0 _aMummies
_vFiction.
_93845
650 0 _aHorror tales.
_93763
655 7 _aHorror fiction.
_2gsafd
_93405
655 7 _aFantasy fiction.
_2gsafd
_93053
710 2 _aCopyright Paperback Collection (Library of Congress)
_5DLC
_9705
800 1 _aStine, R. L.
_tGoosebumps series 2000 ;
_v#16.
_93846
906 _a7
_bcbc
_ccopycat
_d2
_encip
_f20
_gy-genrareb
942 _2lcc
_cBK-KF
_kKF
999 _c7763
_d7763